Tazikara Noshah Gunj Bakhas / (Record no. 526262)

000 -LEADER
fixed length control field 00472nam a22001697a 4500
003 - CONTROL NUMBER IDENTIFIER
control field NUST
020 ## - INTERNATIONAL STANDARD BOOK NUMBER
Qualifying information H/B
038 ## - RECORD CONTENT LICENSOR
Staff Name waseem
082 ## - DEWEY DECIMAL CLASSIFICATION NUMBER
Classification number 297.692
Author Mark NOS
100 ## - MAIN ENTRY--PERSONAL NAME
Personal name Noshahi, Syed Sharafat
9 (RLIN) 17227
245 ## - TITLE STATEMENT
Title Tazikara Noshah Gunj Bakhas /
Statement of responsibility, etc. Syed Sharafat Noshahi
260 ## - PUBLICATION, DISTRIBUTION, ETC.
Place of publication, distribution, etc. Lahore :
Name of publisher, distributor, etc. Al-Kitab,
Date of publication, distribution, etc. 1978.
300 ## - PHYSICAL DESCRIPTION
Extent 192 p. ;
880 ## - ALTERNATE GRAPHIC REPRESENTATION
Linkage 100-01\r
Title سید شرافت نوشاھی
880 ## - ALTERNATE GRAPHIC REPRESENTATION
Linkage 245-02\r
Title تزکرہ نوشہ گنج بخش /
942 ## - ADDED ENTRY ELEMENTS (KOHA)
Source of classification or shelving scheme
Koha item type Book
Holdings
Withdrawn status Lost status Source of classification or shelving scheme Damaged status Not for loan Permanent Location Current Location Shelving location Date acquired Total Checkouts Full call number Barcode Date last seen Price effective from Koha item type
          Central Library (CL) Central Library (CL) First Floor - Islam 07/10/2019   297.692 NOS CL-E-495 07/10/2019 07/10/2019 Book
© 2023 Central Library, National University of Sciences and Technology. All Rights Reserved.